| 000 | 00449 a2200169 4500 | ||
|---|---|---|---|
| 001 | 71358 | ||
| 020 | _a8598457396 | ||
| 040 | _cAnchieta - Colégio São Paulo | ||
| 100 | _aOrthof, Sylvia | ||
| 240 | 1 | 0 |
_aA fada lá de Pasárgada; Cabidelim, o doce monstrinho _lpor |
| 245 | 1 | 0 | _aA fada lá de Pasárgada; Cabidelim, o doce monstrinho |
| 300 | _a76 | ||
| 362 | 0 | _a2004 | |
| 440 | 1 | _aEdições SM | |
| 650 | 4 | _aLiteratura infantil | |
| 942 | _cBK | ||
| 999 |
_c71358 _d71358 |
||